[Event "46th GRE-chT Premier 2018"]
[Site "Rio Achaia"]
[Date "2018.07.14"]
[Round "6"]
[White "Kalofonos, Panayotis"]
[Black "Grigoriadis, Mihail"]
[Result "0-1"]
[WhiteElo "1896"]
[BlackElo "2236"]
[Annotator "NA"]
[PlyCount "94"]
[EventDate "2018.07.10"]
[EventType "team-tourn"]
[EventCountry "GRE"]
[SourceTitle "playchess.com"]
[Source "ChessBase"]
[SourceQuality "1"]

1. e4 c5 2. Nf3 Nc6 3. d4 cxd4 4. Nxd4 Nf6 5. Nc3 d6 6. Bg5 g6 7. Bxf6 exf6 8. Bc4 Bg7 9. Ndb5 O-O 10. Qxd6 f5 11. Qxd8 Rxd8 12. O-O fxe4 13. Nxe4 Bxb2 14. Rab1 Be5 15. f4 Bd4+ 16. Nxd4 Rxd4 17. Nf6+ Kg7 18. Ne8+ Kf8 19. Nc7 Rb8 20. Bd5 Nb4 21. c3 Nxd5 22. cxd4 Nxc7 23. Rfc1 Nd5 24. g3 Be6 25. a3 Ke7 26. Rc6 Kd7 27. Ra6 Nc3 28. Rb4 bxa6 29. Rxb8 Ne2+ 30. Kf2 Nxd4 31. Rb7+ Kc6 32. Rxa7 Kb6 33. Ra8 Nb5 34. Ke3 Nxa3 35. Rf8 Kc5 36. f5 Nc4+ 37. Kf4 Bxf5 38. Rxf7 h5 39. Rf6 a5 40. h3 a4 41. g4 hxg4 42. h4 Bc2 43. Kxg4 a3 44. Ra6 Kb4 45. Rxa3 Kxa3 46. Kg5 Ne5 47. h5 Nf7+ 0-1

[Event "46th GRE-chT Premier 2018"]
[Site "Rio Achaia"]
[Date "2018.07.14"]
[Round "6"]
[White "Gkikas, Vasilios"]
[Black "Patrelakis, Evaggelos"]
[Result "1/2-1/2"]
[WhiteElo "1892"]
[BlackElo "2285"]
[Annotator "NA"]
[PlyCount "152"]
[EventDate "2018.07.10"]
[EventType "team-tourn"]
[EventCountry "GRE"]
[SourceTitle "playchess.com"]
[Source "ChessBase"]
[SourceQuality "1"]

1. d4 Nf6 2. c4 g6 3. Nc3 Bg7 4. e4 d6 5. f3 O-O 6. Be3 e5 7. Nge2 exd4 8. Nxd4 Re8 9. Be2 c6 10. Bf2 Nbd7 11. O-O Ne5 12. Re1 Nh5 13. Bf1 a6 14. a4 Bh6 15. b3 Qf6 16. Be3 Bxe3+ 17. Rxe3 Qg5 18. Nc2 f5 19. exf5 Bxf5 20. Ne4 Qf4 21. Re1 Rad8 22. Nb4 a5 23. Nd3 Nxd3 24. Bxd3 Kg7 25. Qc2 Qe5 26. Qf2 Nf4 27. Ng3 Nxd3 28. Rxe5 Nxf2 29. Nxf5+ gxf5 30. Rxe8 Nh3+ 31. gxh3 Rxe8 32. Kf2 Kf6 33. Rd1 Rd8 34. f4 d5 35. Kf3 Rd7 36. Rd2 Ke6 37. Re2+ Kd6 38. Re5 Rf7 39. Ke3 Re7 40. c5+ Kd7 41. Kd4 Rf7 42. Kc3 Rf6 43. Kd4 Rh6 44. Rxf5 Rxh3 45. Rf7+ Kc8 46. Ke5 Rxh2 47. Kd6 Rh6+ 48. Ke5 Rh3 49. Kd6 Kb8 50. f5 Rxb3 51. Rxh7 Rf3 52. Rh8+ Ka7 53. Ke6 Re3+ 54. Kf7 b6 55. cxb6+ Kxb6 56. f6 d4 57. Rd8 Kc5 58. Kg7 Rg3+ 59. Kh7 Kc4 60. f7 Rf3 61. Kg7 c5 62. f8=Q Rxf8 63. Kxf8 Kb4 64. Ke7 Kxa4 65. Kd6 Kb4 66. Ke5 a4 67. Ke4 Kc4 68. Ra8 Kb3 69. Kd3 c4+ 70. Kxd4 a3 71. Rb8+ Kc2 72. Ra8 Kb2 73. Kxc4 a2 74. Rb8+ Kc2 75. Ra8 Kb2 76. Rxa2+ Kxa2 1/2-1/2

[Event "46th GRE-chT Premier 2018"]
[Site "Rio Achaia"]
[Date "2018.07.14"]
[Round "6"]
[White "Giatrakos, Orestis"]
[Black "Alexiadis, Hristos"]
[Result "0-1"]
[WhiteElo "1860"]
[BlackElo "2244"]
[Annotator "NA"]
[PlyCount "84"]
[EventDate "2018.07.10"]
[EventType "team-tourn"]
[EventCountry "GRE"]
[SourceTitle "playchess.com"]
[Source "ChessBase"]
[SourceQuality "1"]

1. e4 c5 2. Nf3 d6 3. d4 cxd4 4. Qxd4 Nc6 5. Qe3 Nf6 6. c4 e6 7. Be2 Be7 8. O-O O-O 9. Rd1 Qc7 10. h3 a6 11. Nc3 b6 12. b3 Bb7 13. Bb2 Rfd8 14. Rac1 Ne5 15. Nd4 Rac8 16. Kh1 Qb8 17. f4 Nc6 18. Bf3 Nxd4 19. Qxd4 Bc6 20. Re1 Qb7 21. g4 b5 22. g5 Ne8 23. Nd5 bxc4 24. Nxe7+ Qxe7 25. bxc4 f5 26. gxf6 Qxf6 27. Qd2 Qh6 28. Qh2 Rc7 29. Bg2 Rf7 30. Rf1 Nf6 31. e5 Bxg2+ 32. Qxg2 dxe5 33. Bxe5 Ne4 34. Rcd1 Rxd1 35. Rxd1 Nf2+ 36. Qxf2 Qxh3+ 37. Kg1 Qg4+ 38. Kh2 Qxd1 39. c5 Qh5+ 40. Kg2 Qxe5 41. fxe5 Rxf2+ 42. Kxf2 Kf8 0-1

[Event "46th GRE-chT Premier 2018"]
[Site "Rio Achaia"]
[Date "2018.07.14"]
[Round "6"]
[White "Koutsogiannopoulou, Theodora"]
[Black "Ratsma, Rosa"]
[Result "0-1"]
[WhiteElo "1852"]
[BlackElo "2265"]
[Annotator "NA"]
[PlyCount "78"]
[EventDate "2018.07.10"]
[EventType "team-tourn"]
[EventCountry "GRE"]
[SourceTitle "playchess.com"]
[Source "ChessBase"]
[SourceQuality "1"]

1. e4 c5 2. Nf3 d6 3. d4 cxd4 4. Nxd4 Nf6 5. Nc3 a6 6. Bg5 e6 7. f4 h6 8. Bh4 Be7 9. Qf3 Qc7 10. O-O-O Nbd7 11. Bxf6 Nxf6 12. Bd3 g5 13. g3 b5 14. fxg5 hxg5 15. Bxb5+ axb5 16. Ndxb5 Qa5 17. e5 dxe5 18. Qxa8 Qxa8 19. Nc7+ Kf8 20. Nxa8 Bb7 21. Nb6 Bxh1 22. Rxh1 Bc5 23. Nc4 Ng4 24. Ne4 Be7 25. h3 f5 26. Nc3 Bc5 27. Re1 Rxh3 28. Nxe5 Bf2 29. Nd7+ Ke7 30. Rd1 Be3+ 31. Kb1 Nf2 32. Re1 Kxd7 33. a4 Rh1 34. Rxh1 Nxh1 35. Ne2 e5 36. c4 f4 37. gxf4 exf4 38. Kc2 f3 39. Kd3 f2 0-1

[Event "46th GRE-chT Premier 2018"]
[Site "Rio Achaia"]
[Date "2018.07.14"]
[Round "6"]
[White "Papadopoulos, Zisis"]
[Black "Beliotis, Georgios"]
[Result "0-1"]
[WhiteElo "1834"]
[BlackElo "2175"]
[Annotator "NA"]
[PlyCount "82"]
[EventDate "2018.07.10"]
[EventType "team-tourn"]
[EventCountry "GRE"]
[SourceTitle "playchess.com"]
[Source "ChessBase"]
[SourceQuality "1"]

1. d4 Nf6 2. Nf3 e6 3. c4 Bb4+ 4. Bd2 a5 5. g3 d6 6. Nc3 Nbd7 7. Bg2 e5 8. O-O O-O 9. Nd5 Bxd2 10. Qxd2 Re8 11. dxe5 Nxe5 12. Nxe5 Rxe5 13. Rac1 Ne4 14. Qd4 Nc5 15. f4 Rxe2 16. f5 f6 17. Rce1 Re5 18. Rxe5 fxe5 19. Qf2 c6 20. f6 Be6 21. Ne7+ Kf7 22. Qc2 g6 23. b3 Nd7 24. Qf2 Qb6 25. Qxb6 Nxb6 26. h3 Nd7 27. g4 Nxf6 28. Nd5 cxd5 29. cxd5 Bd7 30. g5 Bf5 31. gxf6 Kxf6 32. Rc1 Rc8 33. Rf1 Rc2 34. a4 Rb2 35. Rf3 e4 36. Rc3 h5 37. Bf1 Ke5 38. h4 Kf4 39. Bc4 Kg4 40. Re3 Kxh4 41. Be2 Kg5 0-1

[Event "46th GRE-chT Premier 2018"]
[Site "Rio Achaia"]
[Date "2018.07.14"]
[Round "6"]
[White "Stefanou, Dimitrios"]
[Black "Koutlas, Nikolaos"]
[Result "1-0"]
[WhiteElo "1824"]
[BlackElo "1856"]
[Annotator "NA"]
[PlyCount "82"]
[EventDate "2018.07.10"]
[EventType "team-tourn"]
[EventCountry "GRE"]
[SourceTitle "playchess.com"]
[Source "ChessBase"]
[SourceQuality "1"]

1. d4 Nf6 2. c4 e6 3. Nc3 Bb4 4. e3 O-O 5. Nge2 d5 6. a3 Bd6 7. c5 Be7 8. Nf4 b6 9. b4 a5 10. Bb2 Nfd7 11. Be2 c6 12. Nd3 Ba6 13. O-O bxc5 14. bxc5 e5 15. Nxe5 Bxe2 16. Nxe2 Nxe5 17. dxe5 Bxc5 18. Nf4 Qe7 19. Qg4 Nd7 20. Nh5 g6 21. Qxd7 gxh5 22. Qxc6 Rab8 23. Bd4 Bxa3 24. Qxd5 Bb4 25. f4 Rfd8 26. Qe4 Rb5 27. f5 f6 28. e6 Rbd5 29. Kh1 R5d6 30. Qh4 Rf8 31. Qxh5 Ra6 32. Qh4 a4 33. Rac1 a3 34. Qg3+ Qg7 35. Qxg7+ Kxg7 36. Rc7+ Kg8 37. Rb7 Bd6 38. Ra1 a2 39. g3 Rc8 40. Bxf6 Rc2 41. Rg7+ Kf8 1-0

[Event "46th GRE-chT Premier 2018"]
[Site "Rio Achaia"]
[Date "2018.07.14"]
[Round "6"]
[White "Kafetzi, Angeliki"]
[Black "Nikolaidou, Maria"]
[Result "1-0"]
[WhiteElo "1815"]
[BlackElo "1239"]
[Annotator "NA"]
[PlyCount "48"]
[EventDate "2018.07.10"]
[EventType "team-tourn"]
[EventCountry "GRE"]
[SourceTitle "playchess.com"]
[Source "ChessBase"]
[SourceQuality "1"]

1. d4 Nf6 2. Nf3 g6 3. g3 Bg7 4. Bg2 O-O 5. O-O d6 6. Re1 Nbd7 7. e4 e5 8. Nc3 Re8 9. h3 h6 10. a4 a6 11. Be3 Nh5 12. Qd2 Kh7 13. Rad1 f5 14. exf5 gxf5 15. dxe5 dxe5 16. Nh4 Rf8 17. Nxf5 Qf6 18. Nxg7 Qxg7 19. Be4+ Kh8 20. Bxh6 Qg8 21. Bxf8 Qxf8 22. Qg5 Ndf6 23. Bg6 Qg7 24. Rd8+ Qg8 1-0

[Event "46th GRE-chT Premier 2018"]
[Site "Rio Achaia"]
[Date "2018.07.14"]
[Round "6"]
[White "Eleftheriou, Georgios"]
[Black "Berbatis, Antonios"]
[Result "0-1"]
[WhiteElo "1790"]
[BlackElo "1881"]
[Annotator "NA"]
[PlyCount "84"]
[EventDate "2018.07.10"]
[EventType "team-tourn"]
[EventCountry "GRE"]
[SourceTitle "playchess.com"]
[Source "ChessBase"]
[SourceQuality "1"]

1. Nf3 Nf6 2. e3 d5 3. b3 Bg4 4. Bb2 e6 5. h3 Bh5 6. g4 Bg6 7. Ne5 Nbd7 8. Nxg6 hxg6 9. Bg2 g5 10. d3 Nb6 11. Nd2 Nfd7 12. Qe2 c5 13. O-O-O Qc7 14. Rhf1 O-O-O 15. f4 gxf4 16. Rxf4 f6 17. Rdf1 Bd6 18. R4f2 Kb8 19. g5 Rc8 20. gxf6 gxf6 21. c4 dxc4 22. dxc4 Be5 23. Ne4 f5 24. Nc3 Rhd8 25. e4 Bd4 26. Nb5 Bxb2+ 27. Qxb2 Qg3 28. Qc3 Qxc3+ 29. Nxc3 Ne5 30. Re2 f4 31. Kc2 Nc6 32. Ref2 e5 33. Nd5 Nxd5 34. cxd5 Nd4+ 35. Kd3 b5 36. Bf3 c4+ 37. bxc4 bxc4+ 38. Kc3 Nb5+ 39. Kb4 Nd6 40. Rg2 c3 41. a4 Nc4 42. Rg7 Nd2 0-1

[Event "46th GRE-chT Premier 2018"]
[Site "Rio Achaia"]
[Date "2018.07.14"]
[Round "6"]
[White "Mastrakouli, Evagelia"]
[Black "Liapi Zenebisi, Irini"]
[Result "1-0"]
[WhiteElo "1779"]
[BlackElo "1788"]
[Annotator "NA"]
[PlyCount "121"]
[EventDate "2018.07.10"]
[EventType "team-tourn"]
[EventCountry "GRE"]
[SourceTitle "playchess.com"]
[Source "ChessBase"]
[SourceQuality "1"]

1. d4 Nf6 2. c4 e6 3. Nc3 Bb4 4. e3 O-O 5. Nf3 d5 6. a3 Be7 7. b4 a5 8. b5 c5 9. dxc5 dxc4 10. Qc2 Nbd7 11. c6 Nb8 12. cxb7 Bxb7 13. Bxc4 Qc8 14. Bd3 Nbd7 15. Bb2 Nc5 16. Na4 Nxd3+ 17. Qxd3 Be4 18. Qe2 Qb7 19. Nc3 Bxf3 20. Qxf3 Qxf3 21. gxf3 a4 22. Rg1 g6 23. Rd1 Rfc8 24. Ne2 Nd5 25. Nd4 Rab8 26. e4 Nc3 27. Rc1 Nxb5 28. Nc6 Rxc6 29. Rxc6 Nxa3 30. Bxa3 Bxa3 31. Kd2 Bb2 32. Ra6 a3 33. f4 Rb4 34. Ke3 Rb3+ 35. Ke2 Kg7 36. Rd1 Rb7 37. Rd8 Rc7 38. Raa8 Rc2+ 39. Kf3 Rc3+ 40. Ke2 Rc2+ 41. Kf3 Rc3+ 42. Kg2 Rc4 43. f3 Rc7 44. Kg3 Kf6 45. Rh8 e5 46. Rxh7 exf4+ 47. Kxf4 g5+ 48. Kg4 Kg6 49. Rh5 Bc1 50. h4 gxh4 51. Rxh4 Rc2 52. f4 Bb2 53. e5 Rg2+ 54. Kf3 Rc2 55. Kg4 Rg2+ 56. Kf3 Rc2 57. Ra6+ Kg7 58. Kg4 Rc1 59. Kf5 Ra1 60. Ra8 a2 61. Rah8 1-0

[Event "46th GRE-chT Premier 2018"]
[Site "Rio Achaia"]
[Date "2018.07.14"]
[Round "6"]
[White "Fragkos, Vasileios"]
[Black "Violakis, Anastasios"]
[Result "1-0"]
[WhiteElo "1774"]
[BlackElo "1255"]
[Annotator "NA"]
[PlyCount "129"]
[EventDate "2018.07.10"]
[EventType "team-tourn"]
[EventCountry "GRE"]
[SourceTitle "playchess.com"]
[Source "ChessBase"]
[SourceQuality "1"]

1. e4 c5 2. Nf3 Nc6 3. d4 cxd4 4. Nxd4 e5 5. Nb5 d6 6. c4 Be7 7. N1c3 a6 8. Na3 f5 9. exf5 Bxf5 10. Nc2 Nf6 11. Ne3 Be6 12. Bd3 O-O 13. O-O Rb8 14. a3 Qd7 15. b3 Nd4 16. Ne4 b5 17. Ng5 bxc4 18. Nxe6 Qxe6 19. bxc4 Kh8 20. Bd2 Nb3 21. Rb1 Nxd2 22. Qxd2 e4 23. Be2 Rfd8 24. Qa5 h6 25. Rb4 Rxb4 26. axb4 d5 27. cxd5 Nxd5 28. Rd1 Nb6 29. Rxd8+ Bxd8 30. Qxa6 Qb3 31. Qb5 Qf7 32. Bc4 Nxc4 33. Qxc4 Qd7 34. Qxe4 Bb6 35. g3 Ba7 36. Kg2 Kg8 37. Qd5+ Qxd5+ 38. Nxd5 Kf7 39. b5 Ke6 40. b6 Bb8 41. Nb4 Kd7 42. Na6 Kc8 43. Nxb8 Kxb8 44. Kf3 Kb7 45. Kf4 Kxb6 46. Kf5 Kc5 47. Kg6 Kd5 48. Kxg7 h5 49. f4 Ke4 50. Kg6 h4 51. gxh4 Kxf4 52. h5 Kf3 53. h6 Kg2 54. h4 Kg3 55. h5 Kf4 56. h7 Ke4 57. h8=Q Kd5 58. Qe8 Kd6 59. Kf5 Kd5 60. Qe4+ Kd6 61. h6 Kd7 62. Qe6+ Kc7 63. h7 Kb7 64. h8=Q Kc7 65. Qg7+ 1-0

[Event "46th GRE-chT Premier 2018"]
[Site "Rio Achaia"]
[Date "2018.07.14"]
[Round "6"]
[White "Karavitaki, Evaggelia"]
[Black "Isari, Angeliki"]
[Result "1-0"]
[WhiteElo "1723"]
[BlackElo "1153"]
[Annotator "NA"]
[PlyCount "67"]
[EventDate "2018.07.10"]
[EventType "team-tourn"]
[EventCountry "GRE"]
[SourceTitle "playchess.com"]
[Source "ChessBase"]
[SourceQuality "1"]

1. e4 c5 2. Nf3 e6 3. d4 cxd4 4. Nxd4 Nc6 5. Nb5 d6 6. c4 a6 7. N5a3 Nf6 8. Nc3 Be7 9. Be2 O-O 10. O-O b6 11. Be3 Bb7 12. f3 Ne5 13. Kh1 Qc7 14. Rc1 Rfd8 15. Qd2 Rac8 16. Rfd1 Bc6 17. Nd5 exd5 18. cxd5 Qb7 19. dxc6 Rxc6 20. Rxc6 Nxc6 21. Bc4 Na5 22. Bd5 Nxd5 23. exd5 Rd7 24. b4 Bd8 25. bxa5 bxa5 26. Rb1 Qc8 27. Nc2 Bf6 28. Bd4 Rc7 29. Bxf6 gxf6 30. Nd4 Rc5 31. Nc6 Qc7 32. Qd4 Qb6 33. Rxb6 Rc1+ 34. Qg1 1-0

[Event "46th GRE-chT Premier 2018"]
[Site "Rio Achaia"]
[Date "2018.07.14"]
[Round "6"]
[White "Spyratos, Nikolaos"]
[Black "Pilalis, Ernestos"]
[Result "1-0"]
[WhiteElo "1710"]
[BlackElo "1278"]
[Annotator "NA"]
[PlyCount "99"]
[EventDate "2018.07.10"]
[EventType "team-tourn"]
[EventCountry "GRE"]
[SourceTitle "playchess.com"]
[Source "ChessBase"]
[SourceQuality "1"]

1. e4 c5 2. Nf3 e6 3. g3 Nc6 4. Bg2 g6 5. d4 Bg7 6. dxc5 Nge7 7. c3 O-O 8. O-O b6 9. Be3 Bb7 10. Nfd2 d5 11. cxd6 Qxd6 12. Qe2 Rfd8 13. Na3 Qd3 14. Bf3 Ne5 15. Rfd1 Nxf3+ 16. Qxf3 f5 17. Bg5 Qxf3 18. Nxf3 Bxe4 19. Rxd8+ Rxd8 20. Bxe7 Rd7 21. Ng5 Rxe7 22. Nxe4 fxe4 23. Re1 Rd7 24. Rxe4 Rd2 25. Nc4 Rc2 26. a4 e5 27. Re1 Kf7 28. Rd1 Ke7 29. Re1 Kf7 30. Rb1 Ke6 31. Ne3 Rd2 32. Kf1 Bh6 33. Ng4 Bg7 34. Ke1 Rd5 35. Ne3 Ra5 36. Ra1 b5 37. b3 e4 38. Kd2 h5 39. Nc2 Kf5 40. Ne3+ Ke6 41. Nc2 Kf5 42. h3 Bh6+ 43. Ke2 Bg7 44. Kd2 Bh6+ 45. Ne3+ Ke5 46. Ke2 Bxe3 47. Kxe3 b4 48. c4 Rc5 49. Rd1 a5 50. Rd4 1-0

[Event "46th GRE-chT Premier 2018"]
[Site "Rio Achaia"]
[Date "2018.07.14"]
[Round "6"]
[White "Kouta, Antonia"]
[Black "Tafani, Kleinta"]
[Result "1-0"]
[WhiteElo "1703"]
[BlackElo "1102"]
[Annotator "NA"]
[PlyCount "79"]
[EventDate "2018.07.10"]
[EventType "team-tourn"]
[EventCountry "GRE"]
[SourceTitle "playchess.com"]
[Source "ChessBase"]
[SourceQuality "1"]

1. e4 c5 2. Nf3 Nc6 3. d4 cxd4 4. Nxd4 g6 5. c4 Bg7 6. Be3 Nf6 7. Nc3 Ng4 8. Qxg4 Nxd4 9. Qd1 Ne6 10. Be2 Qa5 11. Qd2 b6 12. O-O Bb7 13. f3 g5 14. Rfd1 d6 15. Qc2 Qe5 16. Rab1 h5 17. Nb5 Kf8 18. Nd4 h4 19. Nxe6+ Qxe6 20. Bxg5 Qg6 21. Bf4 Bh6 22. Qd2 h3 23. g3 f6 24. Kf2 Rc8 25. b4 Kf7 26. Rdc1 Ba8 27. a4 Kg7 28. Ra1 a5 29. Rab1 Bc6 30. Bd1 f5 31. e5 Bxf4 32. Qxf4 Qe6 33. exd6 exd6 34. Bc2 Rh5 35. Re1 Qf6 36. Rbd1 Rd8 37. c5 dxc5 38. Qc7+ Rd7 39. Rxd7+ Bxd7 40. Qxd7+ 1-0

[Event "46th GRE-chT Premier 2018"]
[Site "Rio Achaia"]
[Date "2018.07.14"]
[Round "6"]
[White "Rousos, Stamatios"]
[Black "Poulopoulos, Ilias"]
[Result "1-0"]
[WhiteElo "1700"]
[BlackElo "1290"]
[Annotator "NA"]
[PlyCount "61"]
[EventDate "2018.07.10"]
[EventType "team-tourn"]
[EventCountry "GRE"]
[SourceTitle "playchess.com"]
[Source "ChessBase"]
[SourceQuality "1"]

1. e4 c6 2. Nf3 d5 3. Nc3 Bg4 4. h3 Bxf3 5. Qxf3 e6 6. g3 Nf6 7. Bg2 Nbd7 8. d4 dxe4 9. Nxe4 Nxe4 10. Qxe4 Nf6 11. Qd3 Bd6 12. O-O O-O 13. c4 Qd7 14. Bg5 Be7 15. Rad1 Rfd8 16. Qb3 Rab8 17. Bf4 Bd6 18. Be5 Qe7 19. f4 h6 20. Qe3 Nd7 21. c5 Bxe5 22. fxe5 Nf8 23. Rf4 Ng6 24. Rg4 h5 25. Rg5 h4 26. Be4 Rf8 27. gxh4 Nxh4 28. Qg3 Ng6 29. Kh1 Kh7 30. Rxg6 fxg6 31. Qxg6+ 1-0

[Event "46th GRE-chT Premier 2018"]
[Site "Rio Achaia"]
[Date "2018.07.14"]
[Round "6"]
[White "Markaki, Sofia"]
[Black "Michna, Marta"]
[Result "0-1"]
[WhiteElo "1694"]
[BlackElo "2322"]
[Annotator "ChessBase"]
[PlyCount "182"]
[EventDate "2018.07.10"]
[EventType "team-tourn"]
[EventCountry "GRE"]
[SourceTitle "playchess.com"]
[Source "ChessBase"]
[SourceQuality "1"]

1. e4 d6 2. d4 Nf6 3. Nc3 Nc6 4. f3 e5 5. Nge2 Be7 6. Be3 O-O 7. Qd2 exd4 8. Nxd4 Nxd4 9. Qxd4 c6 10. O-O-O Qa5 11. Kb1 Nd7 12. Qd2 Qc7 13. h4 Re8 14. h5 Ne5 15. Bg5 f6 16. Bh4 b5 17. h6 g6 18. Ne2 Rb8 19. f4 Nf7 20. Nd4 Bd7 21. Qf2 Nxh6 22. f5 Kg7 23. Qg3 Rh8 24. fxg6 hxg6 25. Qb3 Nf7 26. Be2 Qc8 27. Rdf1 Ne5 28. Nf3 Ng4 29. Bg3 Rxh1 30. Rxh1 Be6 31. Qc3 b4 32. Qd2 Qg8 33. b3 c5 34. Nh4 g5 35. Nf5+ Bxf5 36. exf5 Ne5 37. Bxe5 fxe5 38. Bc4 Qf8 39. Be6 Qf6 40. Qe2 Rh8 41. Rxh8 Kxh8 42. Qa6 Kg7 43. Qxa7 e4 44. Qa8 e3 45. Bc4 Bf8 46. Qd5 Qe7 47. Qg8+ Kf6 48. Qg6+ Ke5 49. g4 d5 50. Bd3 Bg7 51. Kc1 Kd4 52. Kd1 Bf6 53. Qg8 Qe5 54. Qe6 Bg7 55. Qxe5+ Bxe5 56. Ba6 Ke4 57. Ke2 Kf4 58. Bc8 Bf6 59. Bb7 d4 60. Ba6 Kxg4 61. Bd3 Kg3 62. Be4 Kf4 63. Bd3 g4 64. Kf1 Kg3 65. Be2 Bh4 66. Kg1 Kf4 67. Kg2 Kxf5 68. Bd3+ Kf4 69. Be2 Bf2 70. Bd3 Be1 71. Be2 d3 72. Bxd3 Ke5 73. Be2 g3 74. Kf1 Bf2 75. Bf3 Kd4 76. Ke2 Kc3 77. Be4 Kb2 78. Kd1 Kxa2 79. Bf3 Kb2 80. Be4 Kc3 81. Bf3 c4 82. bxc4 Kxc4 83. Ke2 Kc3 84. Kd1 e2+ 85. Kxe2 Kxc2 86. Be4+ Kc1 87. Bd5 Bd4 88. Kf3 Be5 89. Ke2 Bd6 90. Kd3 b3 91. Kc3 b2 0-1

[Event "46th GRE-chT Premier 2018"]
[Site "Rio Achaia"]
[Date "2018.07.14"]
[Round "6"]
[White "Grammatikaki, Aggeliki"]
[Black "Kotsoglou, Evi"]
[Result "1-0"]
[WhiteElo "1679"]
[BlackElo "1424"]
[Annotator "NA"]
[PlyCount "109"]
[EventDate "2018.07.10"]
[EventType "team-tourn"]
[EventCountry "GRE"]
[SourceTitle "playchess.com"]
[Source "ChessBase"]
[SourceQuality "1"]

1. c4 c5 2. g3 Nc6 3. Bg2 e5 4. Nc3 d6 5. Nf3 g6 6. d3 Bg7 7. O-O Nge7 8. Bd2 O-O 9. a3 h6 10. Rb1 a5 11. Ne1 Be6 12. Nc2 Kh7 13. Ne3 f5 14. Ned5 Bg8 15. Nxe7 Qxe7 16. Qa4 Qd7 17. Bd5 Bxd5 18. cxd5 Nb8 19. Qxd7 Nxd7 20. Nb5 Ra6 21. Nc7 Ra7 22. e4 Nf6 23. f3 Rc8 24. Nb5 Ra6 25. Rfc1 Bf8 26. Rc4 b6 27. Ra4 Raa8 28. Rc1 Nd7 29. Kf2 Kg7 30. Ke2 Kf6 31. Rac4 Kg7 32. Nc3 Rab8 33. Nb5 Ra8 34. d4 exd4 35. Nxd4 Ne5 36. R4c2 fxe4 37. fxe4 Be7 38. Bf4 Bf6 39. Nb5 Be7 40. Bxe5+ dxe5 41. d6 Bd8 42. Rd1 Rc6 43. Rcd2 Rb8 44. Rd5 Kf6 45. Na7 Rcc8 46. Nxc8 Rxc8 47. d7 Rc6 48. Rf1+ Ke7 49. Rfd1 Re6 50. Kd3 Rd6 51. Kc4 Rxd5 52. Rxd5 Ke6 53. Kb5 g5 54. Kc6 h5 55. Kb7 1-0

[Event "46th GRE-chT Premier 2018"]
[Site "Rio Achaia"]
[Date "2018.07.14"]
[Round "6"]
[White "Benatsis, Alexandros"]
[Black "Masouros, Panagiotis"]
[Result "0-1"]
[WhiteElo "1669"]
[BlackElo "1860"]
[Annotator "NA"]
[PlyCount "142"]
[EventDate "2018.07.10"]
[EventType "team-tourn"]
[EventCountry "GRE"]
[SourceTitle "playchess.com"]
[Source "ChessBase"]
[SourceQuality "1"]

1. e4 e5 2. Nc3 Nf6 3. f4 d6 4. Nf3 Nc6 5. Bb5 Bd7 6. Bxc6 Bxc6 7. d3 Nd7 8. O-O Be7 9. Qe1 O-O 10. Qg3 Bf6 11. Ne2 Qe7 12. fxe5 dxe5 13. Kh1 Kh8 14. Be3 Rfe8 15. Rf2 Nf8 16. Raf1 Ng6 17. Bg5 Bxg5 18. Nxg5 f6 19. Nf3 Bd7 20. Nh4 Qf7 21. b3 a5 22. a4 Nxh4 23. Qxh4 Ra6 24. g4 Qg6 25. Ng3 Qxg4 26. Qxg4 Bxg4 27. h4 Rc6 28. Nf5 Bxf5 29. exf5 Rd8 30. Re1 Rd4 31. Re4 Rxe4 32. dxe4 Rd6 33. h5 Rd4 34. Re2 g5 35. fxg6 hxg6 36. hxg6 Kg7 37. Kg2 Kxg6 38. Kf3 c6 39. Rg2+ Kf7 40. Rh2 b5 41. axb5 cxb5 42. Rh7+ Ke6 43. Rb7 b4 44. Ra7 Rd2 45. Ra6+ Kd7 46. Rxa5 Rxc2 47. Kg4 Rf2 48. Kh5 Kc6 49. Kg6 Rf4 50. Ra8 Kc5 51. Rd8 Rxe4 52. Kxf6 Rd4 53. Rc8+ Kd5 54. Rd8+ Ke4 55. Re8 Kd3 56. Rxe5 Kc3 57. Re3+ Rd3 58. Re8 Kxb3 59. Rb8 Kc3 60. Ke5 b3 61. Rc8+ Kb2 62. Ke4 Rd1 63. Ke3 Kb1 64. Ke2 Rd5 65. Rb8 b2 66. Ke1 Kc2 67. Rc8+ Kd3 68. Rb8 Kc3 69. Ke2 Rd4 70. Ke3 Rb4 71. Rc8+ Kb3 0-1

[Event "46th GRE-chT Premier 2018"]
[Site "Rio Achaia"]
[Date "2018.07.14"]
[Round "6"]
[White "Paraskevas, Georgios"]
[Black "Alexakis, Dimitris"]
[Result "0-1"]
[WhiteElo "1634"]
[BlackElo "2232"]
[Annotator "NA"]
[PlyCount "126"]
[EventDate "2018.07.10"]
[EventType "team-tourn"]
[EventCountry "GRE"]
[SourceTitle "playchess.com"]
[Source "ChessBase"]
[SourceQuality "1"]

1. e4 c5 2. c3 d5 3. exd5 Qxd5 4. d4 Nc6 5. Nf3 Bf5 6. Be3 Nf6 7. Na3 e6 8. dxc5 O-O-O 9. Bc4 Qxd1+ 10. Rxd1 Rxd1+ 11. Kxd1 Ng4 12. Nd4 Be4 13. Ke2 Bxc5 14. Nxe6 Bxa3 15. bxa3 Nce5 16. Ng5 Bxg2 17. Rg1 Nxc4 18. Rxg2 Ngxe3 19. fxe3 Ne5 20. Nf3 Nxf3 21. Kxf3 g6 22. Rg4 Rd8 23. Rd4 Re8 24. Rh4 h5 25. Rf4 Re7 26. Rf6 Rc7 27. h4 Kd8 28. Rf4 Ke7 29. c4 b6 30. Rd4 Rc5 31. Re4+ Kf8 32. Rd4 Ra5 33. Rd3 Ke7 34. Ke4 Ke6 35. Kd4 Ra4 36. Rb3 Kd6 37. e4 Ke6 38. e5 Ra5 39. Re3 Rc5 40. Re2 Rc7 41. Rf2 Ke7 42. Rf6 Rc5 43. Rf2 Ra5 44. Rf3 b5 45. c5 Ra4+ 46. Kd5 Rxh4 47. Kc6 Rc4 48. Re3 h4 49. Kxb5 Rc1 50. a4 g5 51. a5 g4 52. Re4 h3 53. Rxg4 h2 54. Rh4 h1=Q 55. Rxh1 Rxh1 56. Ka6 Kd7 57. Kxa7 Kc7 58. a6 Ra1 59. Ka8 Rxa2 60. a7 Rh2 61. e6 Rh3 62. e7 f5 63. c6 Rh8+ 0-1

[Event "46th GRE-chT Premier 2018"]
[Site "Rio Achaia"]
[Date "2018.07.14"]
[Round "6"]
[White "Kontogianni, Maria Hristina"]
[Black "Prokopiou, Ekaterini"]
[Result "0-1"]
[WhiteElo "1631"]
[BlackElo "1661"]
[Annotator "NA"]
[PlyCount "80"]
[EventDate "2018.07.10"]
[EventType "team-tourn"]
[EventCountry "GRE"]
[SourceTitle "playchess.com"]
[Source "ChessBase"]
[SourceQuality "1"]

1. e4 c6 2. d4 d5 3. exd5 cxd5 4. Bd3 Nc6 5. c3 g6 6. h3 Nh6 7. Nf3 Bf5 8. O-O Bg7 9. Re1 Bxd3 10. Qxd3 Nf5 11. Na3 O-O 12. Nc2 e6 13. Bf4 a6 14. Ne3 Nd6 15. Bg5 Qd7 16. Nd2 b5 17. Ng4 f6 18. Bh6 Nf5 19. Bxg7 Kxg7 20. Nb3 Qd6 21. Rad1 Rad8 22. Nc5 Rde8 23. Nxa6 Ncxd4 24. Nb4 h5 25. Ne3 Nxe3 26. Rxe3 Nf5 27. Re2 Qb6 28. Nc2 e5 29. Ne3 Nxe3 30. Rxe3 Rd8 31. Rg3 f5 32. Qe2 Kf6 33. h4 d4 34. cxd4 Rxd4 35. Rxd4 exd4 36. Qd2 Kf7 37. Qh6 Rg8 38. Qf4 Re8 39. Rd3 Re4 40. Qh2 Re1# 0-1

[Event "46th GRE-chT Premier 2018"]
[Site "Rio Achaia"]
[Date "2018.07.14"]
[Round "6"]
[White "Grafakou, Sotiria-Aphrodite"]
[Black "Vozinaki, Anthi - Maria"]
[Result "1/2-1/2"]
[WhiteElo "1617"]
[BlackElo "1971"]
[Annotator "NA"]
[PlyCount "118"]
[EventDate "2018.07.10"]
[EventType "team-tourn"]
[EventCountry "GRE"]
[SourceTitle "playchess.com"]
[Source "ChessBase"]
[SourceQuality "1"]

1. d4 Nf6 2. c4 e6 3. Nc3 d5 4. e3 c6 5. Nf3 Nbd7 6. cxd5 exd5 7. Bd3 Bd6 8. O-O O-O 9. Rb1 Qe7 10. Nd2 Re8 11. Qe2 Nf8 12. Re1 Ng6 13. f4 Bg4 14. Nf3 Ne4 15. Qf1 Bxf3 16. Qxf3 Nxc3 17. bxc3 Nxf4 18. Bc2 Ng6 19. Bd2 Qc7 20. g3 Re6 21. e4 dxe4 22. Bxe4 Rae8 23. Bd3 Rxe1+ 24. Bxe1 Nf8 25. Bd2 Nd7 26. Rf1 Nf6 27. Bg5 Nd5 28. c4 Nb4 29. Bb1 Bf8 30. a3 Na6 31. Ba2 c5 32. d5 f6 33. Bd2 Qe5 34. Bc3 Qe3+ 35. Kg2 Nb8 36. Re1 Qxf3+ 37. Kxf3 Rxe1 38. Bxe1 Bd6 39. Bb1 Nd7 40. Bc3 Be5 41. Bd2 Bb2 42. Bf4 Nb6 43. Bd3 Bxa3 44. Bc7 g6 45. Bxb6 axb6 46. h4 Bb2 47. g4 Kf7 48. h5 Be5 49. hxg6+ hxg6 50. Bc2 b5 51. cxb5 c4 52. Be4 b6 53. Ke3 Ke7 54. Bxg6 Kd6 55. Be8 Kxd5 56. Kd2 Ke4 57. Kc2 Kf4 58. Bd7 c3 59. Bf5 Ke3 1/2-1/2